| 000 | 01732nam a2200241Ia 4500 | ||
|---|---|---|---|
| 008 | 260220t1989||||xx |||||||||||||| ||spa|| | ||
| 040 |
_aPY-SlUNAC _bspa _erda |
||
| 041 | _aspa | ||
| 082 |
_a200 _bAn622d |
||
| 100 |
_aAnsón, Francisco _eAutor |
||
| 245 | 0 |
_aDespués del carbono 14 : _bla sábana santa / _cpor Francisco Ansón [Autor] |
|
| 264 |
_aMadrid : _bArcaduz, _c℗1989. |
||
| 300 | _a1 volumen | ||
| 520 | _aEn "Después del carbono 14: la sábana santa", Francisco Ansón explora la controversia en torno a la autenticidad de la Sábana Santa, un lienzo que, según algunos, envolvió el cuerpo de Jesucristo. El autor examina los resultados de las pruebas de datación por carbono 14 realizadas en 1988, que sugirieron que la tela data de la Edad Media, lo que contradiría su origen en el siglo I. Ansón analiza detalladamente las implicaciones de estos hallazgos, así como las críticas a la metodología utilizada en las pruebas, planteando preguntas sobre la validez de los resultados. Además, el libro explora la historia, la iconografía y el significado cultural de la Sábana Santa a lo largo de los siglos, presentando un enfoque multidisciplinario que abarca la teología, la historia y la ciencia. A través de un análisis riguroso, Ansón invita al lector a reflexionar sobre la intersección entre fe y evidencia científica, y sobre la persistente fascinación que la Sábana Santa ejerce en la sociedad contemporánea. | ||
| 653 | _aDatación por carbono | ||
| 653 | _aHistoria de la ciencia | ||
| 653 | _aSábana Santa | ||
| 942 |
_b2026/02/17 _cBK |
||
| 999 |
_c6841 _d6841 |
||